000 00439nam a2200145Ia 4500
008 231129s9999||||xx |||||||||||||| ||spa||
020 _a958-9235-55-7
040 _bspa
082 _a840.912 P426p
100 _aPeralta G. Andrés
245 0 _aAnálisis Literarios El Principito : Antoine de Saint-Exúpery (Francia)
260 _c199
264 _a[Bogotá] Colombia : Esquilo
942 _2ddc
_cBKS
999 _c5126
_d5126